| 000 | 00502cam a22001451 4500 | ||
|---|---|---|---|
| 082 |
_a923.1561 _bMIK |
||
| 100 | 1 |
_aMikusch, Dagobert von, _950485 |
|
| 245 | 1 | 0 |
_aMustapha Kemal; _bbetween Europe and Asia, _ca biography by Dagobert von Mikusch. Translated by John Linton. |
| 260 |
_aLONDON _bWILLIAM HEINEMANN LTD _c1931. |
||
| 300 |
_ax, 380 p. _bfront., plates, ports. _c23 cm. |
||
| 526 |
_a0 _b0 _c0 _d923_156100000000000_MIK |
||
| 650 |
_aMCE _9379 |
||
| 700 | 1 |
_aLinton, John, _950486 |
|
| 942 |
_2ddc _cBK |
||
| 999 |
_c553225 _d553225 |
||